• 首页
  • 本馆介绍
  • 公告通知
  • 最新文献
  • 馆藏检索
  • 电子资源
  • 读者导购
  • 参考咨询
  • 我的图书馆
  • 登录
  • 详细信息显示
  • 放入我的书架
  • 预约/预借图书
  • 作者相关作品
  • 分类相关作品
  • 丛书相关作品
  • 出版社相关作品

书目信息

  • 表格格式
  • 工作单格式
  • 卡片格式
题名:
人类对月球的认识与开发
    
 
作者: 张法坤 主编
分册:  
出版信息: 长春   北方妇女儿童出版社  2021.3
页数: 186页
开本: 23cm
丛书名: 畅游天文世界
单 册:
中图分类: P184
科图分类:
主题词: 月球--普及读物
电子资源:
ISBN: 978-7-5385-7045-8
000 01078nam2 2200277 45
001 012001001977
005 20140913080046.0
010    @a978-7-5385-7045-8@dCNY23.80
100    @a20140220d2013 cd y0chiy0110 ea
101 0  @achi
102    @aCN@b220000
105    @aa z 000yy
106    @ar
200 1  @a人类对月球的认识与开发@f张法坤主编@Aren lei dui yue qiu de ren shi yu kai fa
210    @a长春@c北方妇女儿童出版社@d2021.3
215    @a186页@c图@d23cm
225 2  @a畅游天文世界
330    @a对宇宙的了解程度是衡量一个国家人民素质高低的标准之一,对宇宙的探索也是促进科学进步的主要途径之一。了解一些天文知识对于少年儿童的成长有着非常重大的意义。本书挑选了一些关于月球上的有趣现象,这些现象之中包含着并不十分深奥的天文知识,告诉小读者一些现代的天文基础知识,使小读者对科学产生好奇心,为未来的成长奠定基础。
410  0 @12001 @a畅游天文世界
461  0 @12001 @a畅游天文世界
606 0  @a月球@j普及读物
690    @aP184@v5
701  0 @a张法坤@4主编@Azhang fa kun
801  0 @aCN@bBJSDL@c20211011
830    @aShaoErDuWu
905    @b1337958-61@dP184@e368@f4
    
    人类对月球的认识与开发/张法坤主编.-长春:北方妇女儿童出版社,2021.3
    186页:图;23cm.-(畅游天文世界)
    
    
    ISBN 978-7-5385-7045-8:CNY23.80
    对宇宙的了解程度是衡量一个国家人民素质高低的标准之一,对宇宙的探索也是促进科学进步的主要途径之一。了解一些天文知识对于少年儿童的成长有着非常重大的意义。本书挑选了一些关于月球上的有趣现象,这些现象之中包含着并不十分深奥的天文知识,告诉小读者一些现代的天文基础知识,使小读者对科学产生好奇心,为未来的成长奠定基础。
●
相关链接 在E读中查询图书 在五车中查询图书 在当当中查询图书 在豆瓣中查询图书


正题名:人类对月球的认识与开发     索取号:P184/368         预约/预借

序号 登录号 条形码 馆藏地/架位号 状态 备注
1 1337958   213379583   第二样本阅览室/ [索取号:P184/368] 在馆    
2 1337959   213379592   第三借阅区/ [索取号:P184/368] 在馆    
3 1337960   213379609   第三借阅区/ [索取号:P184/368] 在馆    
4 1337961   213379618   第三借阅区/ [索取号:P184/368] 在馆    
唐山师范学院图书馆 欢迎您!
大连网信软件有限公司© 版权所有